Visualizzazione normale
Vista MARC
- Aurenche Jean
di Personal Name
Records bibliografici associati: 1
001 - CONTROL NUMBER
- control field: 50649
003 - CONTROL NUMBER IDENTIFIER
- control field: IT-RoPau
005 - DATE AND TIME OF LATEST TRANSACTION
- control field: 20151202145024.0
008 - FIXED-LENGTH DATA ELEMENTS
- fixed length control field: 151202|| aca||aabn | a|a d
040 ## - CATALOGING SOURCE
- Original cataloging agency: IT-RoPau
- Transcribing agency: IT-RoPau
100 ## - HEADING--PERSONAL NAME
- Personal name: Aurenche Jean
- Relator term: (soggetto)
- Miscellaneous information: Codice Soggetto 2° SPICS: 28754
670 ## - SOURCE DATA FOUND
- Source citation: Work cat.: (IT-RoPau)107151: Clement Rene' Codice regista SPICS: 7972 43538, GIOCHI PROIBITI GIOCHI PROIBITI (Rif. Codice opera principale : H5352)